| 000 | 00550nam a2200181Ia 4500 | ||
|---|---|---|---|
| 008 | 151018s9999 xx 000 0 und d | ||
| 082 |
_bRBASDV6602 _a891.463 |
||
| 100 | _aभाऊ पाध्ये | ||
| 245 | _aवासूनाका | ||
| 250 | _b2 | ||
| 260 |
_bभारतीय प्रकाशन संस्था _c1968 |
||
| 300 | _a188 | ||
| 600 | _aभाऊ पाध्ये | ||
| 630 | _aवासूनाका | ||
| 700 | _aभाऊ पाध्ये | ||
| 730 | _aवासूनाका | ||
| 942 | _cBOOK | ||
| 999 |
_c1008976 _d1008973 |
||